000 00586nam a2200241Ia 4500
003 OSt
005 20221006152952.0
006 a|||||r|||| 00| 0
007 ta
008 221006b |||||||| |||| 00| 0 jpn d
020 _c113.00
024 _a30,694
037 _cTextual
040 _aEASL
_cEASL
_bjpn
041 _2jpn
_ajpn
100 _aKITAGAWA Hidenori
_9662147
245 0 _aIndo koten ronrigaku no kenkyu
260 _aTokyo
_bKinkigaku
_c1974
300 _ap.
_ccm.
650 _aJL
942 _cTEXL
_2CC
999 _c1098780
_d1098780